Normal view
MARC view
- Ahmed, Hamza
Entry Personal Name
001 - CONTROL NUMBER
- control field: 51699
003 - CONTROL NUMBER IDENTIFIER
- control field: NUST
005 - DATE AND TIME OF LATEST TRANSACTION
- control field: 20210314135033.0
008 - FIXED-LENGTH DATA ELEMENTS
- fixed length control field: 210314|| aca||aabn | a|a d
040 ## - CATALOGING SOURCE
- Original cataloging agency: NUST
- Transcribing agency: NUST
100 ## - HEADING--PERSONAL NAME
- Personal name: Ahmed, Hamza
670 ## - SOURCE DATA FOUND
- Source citation: Work cat.: (NUST): Ahmed, Hamza, Optimization of tarbela dam rule curve for flood control and maximum power generation , 2019.
